• 首页
  • 本馆介绍
  • 公告通知
  • 最新文献
  • 馆藏检索
  • 电子资源
  • 读者导购
  • 参考咨询
  • 我的图书馆
  • 登录
  • 详细信息显示
  • 放入我的书架
  • 预约/预借图书
  • 作者相关作品
  • 分类相关作品
  • 丛书相关作品
  • 出版社相关作品

书目信息

  • 表格格式
  • 工作单格式
  • 卡片格式
题名:
跨国民族文化适应于传承研究
    
 
作者: 王超 著
分册:  
出版信息: 北京   中国社会科学出版社  2013
页数: 199页
开本: 24cm
丛书名: 西北民族研究丛书
单 册:
中图分类: K360.8
科图分类:
主题词: 东干人--民族文化--研究--中亚 , 东干人 , 民族文化
电子资源:
ISBN: 978-7-5161-3271-5
000 01445oam2 2200301 450
001 523
005 20140910105923.42
010    @a978-7-5161-3271-5@dCNY42.00
100    @a20140428d2013 em y0chiy50 ea
101 0  @achi@deng
102    @aCN@b110000
105    @ay z 000yy
106    @ar
200 1  @a跨国民族文化适应于传承研究@AKua Guo Min Zu Wen Hua Shi Ying Yu Chuan Cheng Yan Jiu@e以中亚东干人为例@EYi Zhong Ya Dong Gan Ren Wei Li@f王超著@FWang Chao Zhu
210    @a北京@c中国社会科学出版社@d2013
215    @a199页@d24cm
225 2  @a西北民族研究丛书
300    @a教育部人文社会科学研究青年项目资助 陕西师范大学优秀著作出版基金资助出版
330    @a本书以跨国民族的文化适应理论为基础,通过文化的结构分析,来说明文化适应的层次性特征;根据文化适应的多维模型来探讨文化适应的过程与结果;通过这些要素的综合探讨说明,文化适应的结果受多重因素制约从而产生不同的适应效果。同时通过分析中亚东干人跨国民族的形成过程及其主流文化适应与民族文化传承的实践,来说明跨国民族如何对待主流文化与民族文化的关系问题,从而在国家意识的基础上发展跨国民族的文化联系,为民族文化发展及国家间经济文化交流做出贡献。
461  0 @12001 @a西北民族研究丛书
517 1  @a以中亚东干人为例@AYi Zhong Ya Dong Gan Ren Wei Li
606 0  @a东干人@x民族文化@x研究@y中亚
606 0  @a东干人
606 0  @a民族文化
690    @aK360.8@v5
701  0 @c(回)@a王超@AWang Chao@f(1977~)@4著
801  0 @aCN@bTANGWEI@c20140603
905    @b0839857-59@dK360.8@e13@f3
    
    跨国民族文化适应于传承研究:以中亚东干人为例/王超著.-北京:中国社会科学出版社,2013
    199页;24cm.-(西北民族研究丛书)
    教育部人文社会科学研究青年项目资助 陕西师范大学优秀著作出版基金资助出版
    
    ISBN 978-7-5161-3271-5:CNY42.00
    本书以跨国民族的文化适应理论为基础,通过文化的结构分析,来说明文化适应的层次性特征;根据文化适应的多维模型来探讨文化适应的过程与结果;通过这些要素的综合探讨说明,文化适应的结果受多重因素制约从而产生不同的适应效果。同时通过分析中亚东干人跨国民族的形成过程及其主流文化适应与民族文化传承的实践,来说明跨国民族如何对待主流文化与民族文化的关系问题,从而在国家意识的基础上发展跨国民族的文化联系,为民族文化发展及国家间经济文化交流做出贡献。
●
相关链接 在E读中查询图书 在五车中查询图书 在当当中查询图书 在豆瓣中查询图书


正题名:跨国民族文化适应于传承研究     索取号:K360.8/13         预约/预借

序号 登录号 条形码 馆藏地/架位号 状态 备注
1 0839857   208398571   第二样本阅览室/ [索取号:K360.8/13] 在馆    
2 0839858   208398580   第二借阅区/ [索取号:K360.8/13] 在馆    
3 0839859   208398599   第二借阅区/ [索取号:K360.8/13] 在馆    
唐山师范学院图书馆 欢迎您!
大连网信软件有限公司© 版权所有